The spring and the spectacle, (Record no. 75553)

MARC details
000 -LEADER
fixed length control field 00505cam a22001931 4500
001 - CONTROL NUMBER
control field sa 67005932
003 - CONTROL NUMBER IDENTIFIER
control field DLC
005 - DATE AND TIME OF LATEST TRANSACTION
control field 20260227112402.0
008 - FIXED-LENGTH DATA ELEMENTS--GENERAL INFORMATION
fixed length control field 790720s1967 ii 000 0 eng
010 ## - LIBRARY OF CONGRESS CONTROL NUMBER
LC control number sa 67005932
035 ## - SYSTEM CONTROL NUMBER
System control number (OCoLC)5190187
040 ## - CATALOGING SOURCE
Original cataloging agency DLC
Transcribing agency ViU
Modifying agency DLC
042 ## - AUTHENTICATION CODE
Authentication code premarc
050 00 - LIBRARY OF CONGRESS CALL NUMBER
Classification number PR6053.H38
Item number S67
100 1# - MAIN ENTRY--PERSONAL NAME
Personal name Chatterjee, Margaret,
Dates associated with a name 1925-
245 14 - TITLE STATEMENT
Title The spring and the spectacle,
Remainder of title poems.
260 ## - PUBLICATION, DISTRIBUTION, ETC.
Place of publication, distribution, etc. Calcutta,
Name of publisher, distributor, etc. Writers Workshop
Date of publication, distribution, etc. [1967]
300 ## - PHYSICAL DESCRIPTION
Extent 31 p.
Dimensions 23 cm.

No items available.

Powered by Koha